000 00537nam a22001697a 4500
003 OSt
005 20140310182437.0
008 130220t xxu||||| |||| 00| 0 eng d
020 _a9789715845366
050 _aLB 1765.P6
_b.Ag39 2007
100 _aAgno, Lydia N.
_916877
245 _aLicensure Examination for Teachers (LET) reviewer on principles and strategies of teaching /
_cLydia N. Agno.
260 _aQuezon City :
_bC & E Pub.,
_cc2007.
300 _av, 62 p. :
_b ill. ;
_c 26 cm.
942 _2lcc
_cSSLC
999 _c13457
_d13457